00678nam a2200193Ia 4500008004100000020001500041082001600056100002100072245009300093250000800186260004600194300002700240500001900267600003400286650001500320942000700335952012700342999001500469240925s9999 xx 000 0 und d a817758961x a621.382 DOD aDodd ,Annabel Z. 4aThe Essential Guide to Telecommunications: covers wireless technologies and concergence  a4th aNew Delhi:bPearson Printice Hallc,2007. axv,640p.bNAfOriginal aIncludes Index aTelecommunication Engineering aTechnology cBK 001040708ELaUITUbUITUd2008-03-03eStandard Booksg851.00l0o621.382 DODpQ7388r2024-09-25 07:14:35w2024-09-25yBK c9887d9887